|
|
|
|
| LEADER |
00000nam0a2200000 4500 |
| 001 |
79223 |
| 005 |
20231031094222.0 |
| 035 |
|
|
|a (RuTPU)RU\TPU\book\85161
|
| 090 |
|
|
|a 79223
|
| 100 |
|
|
|a 20050805d1965 k y0rusy50 ca
|
| 101 |
0 |
|
|a rus
|
| 102 |
|
|
|a RU
|
| 105 |
|
|
|a a z 001zy
|
| 200 |
1 |
|
|a Технология химико-термической обработки на машиностроительных заводах
|f В. Б. Райцес
|
| 210 |
|
|
|a Москва
|c Машиностроение
|d 1965
|
| 215 |
|
|
|a 295 с.
|c ил.
|
| 320 |
|
|
|a Библиогр.: с. 279-293
|
| 610 |
1 |
|
|a машиностроительные заводы
|
| 610 |
1 |
|
|a химико-термическая обработка
|
| 610 |
1 |
|
|a технология
|
| 610 |
1 |
|
|a металлы
|
| 610 |
1 |
|
|a цементация
|
| 610 |
1 |
|
|a азотирование
|
| 610 |
1 |
|
|a цианирование
|
| 610 |
1 |
|
|a борирование
|
| 610 |
1 |
|
|a диффузионное хромирование
|
| 610 |
1 |
|
|a алитирование
|
| 610 |
1 |
|
|a сульфоцианирование
|
| 610 |
1 |
|
|a силицирование
|
| 675 |
|
|
|a 621.78
|v 3
|
| 675 |
|
|
|a 621.794
|v 3
|
| 700 |
|
1 |
|a Райцес
|b В. Б.
|g Вениамин Борисович
|
| 801 |
|
1 |
|a RU
|b 63413507
|c 20050805
|g PSBO
|
| 801 |
|
2 |
|a RU
|b 63413507
|c 20221226
|g PSBO
|
| 942 |
|
|
|c BK
|